[Event "Prague op"]
[Site "Prague"]
[Date "2023.06.24"]
[Round "3"]
[White "Mitrabha, Guha"]
[Black "Virostko, Petr"]
[Result "1/2-1/2"]
[WhiteElo "2507"]
[BlackElo "2278"]
[PlyCount "200"]
[EventDate "2023.06.22"]
[EventType "swiss"]
[EventRounds "9"]
[EventCountry "CZE"]
[SourceTitle "CBM 215 Extra"]
[Source "ChessBase"]
[SourceDate "2023.09.30"]
[SourceVersion "1"]
[SourceVersionDate "2023.09.30"]
[SourceQuality "1"]

1. d4 Nf6 2. Bf4 d5 3. e3 Bf5 4. c4 e6 5. Nc3 Bd6 6. Bg5 c6 7. Qb3 Qc7 8. Bxf6 gxf6 9. Rc1 Nd7 10. Nge2 Qb6 11. Ng3 Qxb3 12. axb3 Bg6 13. Be2 a6 14. 0-0 h5 15. h4 Ke7 16. Rfd1 Rag8 17. Nf1 Rg7 18. Bf3 Bf5 19. e4 dxe4 20. Nxe4 Bf4 21. Rc3 Bg4 22. g3 f5 23. Ned2 Nf6 24. Re1 Bxd2 25. Nxd2 Bxf3 26. Rxf3 Rd8 27. Rxf5 Rxd4 28. Nf3 Rd3 29. b4 Rb3 30. b5 cxb5 31. cxb5 Rxb2 32. bxa6 bxa6 33. Ng5 Rg8 34. Rf4 a5 35. Ra1 Ra8 36. Ra3 Rb5 37. Kg2 Rf5 38. Rc4 Ra7 39. Rca4 Nd5 40. Rc4 Nb6 41. Rc6 Nd7 42. Rc4 Rb7 43. Ra2 f6 44. Nh3 Nb6 45. Re4 Nd5 46. Rc4 Rc7 47. Rd4 Nc3 48. Ra1 a4 49. Rb4 Ra5 50. Ra3 e5 51. g4 hxg4 52. Rxg4 Ke6 53. h5 Rac5 54. h6 Rh7 55. Rg3 Ne4 56. Rg7 Rxh6 57. Rxa4 Kf5 58. Ra3 Rg6+ 59. Rxg6 Kxg6 60. Ra2 Rc4 61. Ng1 Ng5 62. Ne2 Rg4+ 63. Ng3 Rb4 64. Ne2 Rc4 65. Rb2 Ra4 66. Rc2 Ne6 67. Rb2 Ra6 68. f3 Ra4 69. Rb6 Ng5 70. Rb2 Rc4 71. Ra2 Rb4 72. Rc2 Ne6 73. Rc6 Kf7 74. Rc2 f5 75. Ra2 Rb6 76. Kf2 Rc6 77. Ra7+ Kf6 78. Ra2 f4 79. Kg2 Rc8 80. Kf2 Rc7 81. Kg2 Kf5 82. Kf2 Nc5 83. Rd2 Ne6 84. Ra2 Rc8 85. Kg2 Ng5 86. Ng1 Rc3 87. Rb2 Ra3 88. Rc2 Re3 89. Ra2 Rb3 90. Rc2 Kg6 91. Rc6+ Kh5 92. Rc2 e4 93. fxe4 Kg4 94. e5 Re3 95. Rf2 Rxe5 96. Nf3 Nxf3 97. Rxf3 Re3 98. Rf2 f3+ 99. Kg1 Kg3 100. Rg2+ fxg2 1/2-1/2

[Event "CZE-chT 2122"]
[Site "Czech Republic"]
[Date "2022.02.26"]
[Round "11.4"]
[White "Mladek, Richard"]
[Black "Virostko, Petr"]
[Result "1-0"]
[WhiteElo "2365"]
[BlackElo "2352"]
[PlyCount "89"]
[EventDate "2021.10.15"]
[EventType "team-tourn"]
[EventRounds "15"]
[EventCountry "CZE"]
[SourceTitle "EXT 2023"]
[Source "ChessBase"]
[SourceDate "2022.10.05"]
[SourceVersion "1"]
[SourceVersionDate "2022.10.05"]
[SourceQuality "1"]
[WhiteTeam "Kromeriz Slavia"]
[BlackTeam "Frydek Mistek"]
[WhiteTeamCountry "CZE"]
[BlackTeamCountry "CZE"]

1. d4 d5 2. c4 c6 3. Nc3 Nf6 4. e3 a6 5. Nf3 b5 6. b3 Bg4 7. Be2 e6 8. 0-0 Bd6 9. h3 Bh5 10. Ne5 Bxe2 11. Qxe2 0-0 12. Bb2 b4 13. Na4 Ne4 14. Rac1 f6 15. Nd3 a5 16. cxd5 exd5 17. Ndc5 Qe7 18. Qc2 f5 19. Nd3 Ra7 20. Rfe1 Qh4 21. Ne5 f4 22. f3 Ng3 23. Qf2 fxe3 24. Rxe3 Qh6 25. Rce1 Nf5 26. R3e2 Nd7 27. Bc1 Qf6 28. f4 Bb8 29. Nc5 Nxc5 30. dxc5 Nh6 31. Bb2 Bxe5 32. Bxe5 Qg6 33. Bd6 Rc8 34. Re6 Qf7 35. g4 Kh8 36. Qd4 Ng8 37. f5 Nf6 38. Re7 Rxe7 39. Rxe7 Qf8 40. g5 Ne8 41. Rxg7 Nxg7 42. Bxf8 Rxf8 43. f6 Ne6 44. Qe5 Nxg5 45. f7# 1-0

[Event "Pardubice op rapid 32nd"]
[Site "Pardubice"]
[Date "2021.07.22"]
[Round "7"]
[White "Babula, Vlastimil"]
[Black "Virostko, Petr"]
[Result "1-0"]
[WhiteElo "2563"]
[BlackElo "2352"]
[PlyCount "51"]
[EventDate "2021.07.21"]
[EventType "swiss (rapid)"]
[EventRounds "9"]
[EventCountry "CZE"]
[SourceTitle "CBM 203 Extra"]
[Source "ChessBase"]
[SourceDate "2021.09.30"]
[SourceVersion "1"]
[SourceVersionDate "2021.09.30"]
[SourceQuality "1"]

1. d4 d5 2. c4 c6 3. Nf3 Nf6 4. Nc3 dxc4 5. a4 Bf5 6. Nh4 e6 7. Nxf5 exf5 8. e3 Bb4 9. Bxc4 0-0 10. Qc2 g6 11. 0-0 Nbd7 12. f3 Nb6 13. Ba2 a5 14. Kh1 Kg7 15. Bd2 c5 16. dxc5 Bxc5 17. Rad1 Qc8 18. e4 Re8 19. Bg5 Ng8 20. exf5 Qxf5 21. Ne4 Bb4 22. Qc7 Nxa4 23. g4 Rec8 24. Qxb7 Nc5 25. Nxc5 Qxg5 26. Ne6+ 1-0

[Event "CZE-chT 0607"]
[Site "Czech Republic"]
[Date "2006.11.05"]
[Round "2.6"]
[White "Virostko, Petr"]
[Black "Tichy, Vladimir"]
[Result "1/2-1/2"]
[WhiteElo "2366"]
[BlackElo "2245"]
[PlyCount "96"]
[EventDate "2006.12.01"]
[EventType "team"]
[EventRounds "11"]
[EventCountry "CZE"]
[SourceTitle "EXT 2007"]
[Source "ChessBase"]
[SourceDate "2006.11.23"]
[SourceVersion "1"]
[SourceVersionDate "2006.11.23"]
[SourceQuality "1"]
[WhiteTeam "Frydek Mistek"]
[BlackTeam "Vysehrad"]
[WhiteTeamCountry "CZE"]
[BlackTeamCountry "CZE"]

1. e4 e5 2. Nf3 Nf6 3. Nxe5 d6 4. Nc4 Nxe4 5. Qe2 Qe7 6. Ne3 c6 7. c4 g6 8. d3 Nf6 9. Bd2 Bg7 10. Nc2 Qxe2+ 11. Bxe2 Na6 12. Nc3 Be6 13. 0-0-0 0-0-0 14. d4 d5 15. c5 Ne4 16. Be3 Nc7 17. Na4 Rhe8 18. f3 Nf6 19. g4 Nb5 20. h3 Bd7 21. Rh2 Rxe3 22. Nxe3 Bh6 23. Rd3 Re8 24. Kd2 Nxd4 25. Rxd4 Bxe3+ 26. Kd3 Bxd4 27. Kxd4 Ne4 28. h4 Nf6 29. Nc3 h5 30. Rg2 Kd8 31. b4 Rh8 32. g5 Nh7 33. Bd1 Re8 34. Re2 Rxe2 35. Nxe2 Bf5 36. Ke3 Nf8 37. Nd4 Bb1 38. a3 Kd7 39. Be2 Ne6 40. Nxe6 Kxe6 41. Bf1 f6 42. gxf6 Kxf6 43. f4 d4+ 44. Kxd4 Kf5 45. Bg2 Kxf4 46. b5 cxb5 47. Bxb7 a5 48. Bd5 b4 1/2-1/2

[Event "CZE-chT 0607"]
[Site "Czech Republic"]
[Date "2006.11.04"]
[Round "1.6"]
[White "Cifka, Stanislav"]
[Black "Virostko, Petr"]
[Result "1-0"]
[WhiteElo "2341"]
[BlackElo "2366"]
[PlyCount "133"]
[EventDate "2006.12.01"]
[EventType "team"]
[EventRounds "11"]
[EventCountry "CZE"]
[SourceTitle "EXT 2007"]
[Source "ChessBase"]
[SourceDate "2006.11.23"]
[SourceVersion "1"]
[SourceVersionDate "2006.11.23"]
[SourceQuality "1"]
[WhiteTeam "Praha Mahrla"]
[BlackTeam "Frydek Mistek"]
[WhiteTeamCountry "CZE"]
[BlackTeamCountry "CZE"]

1. d4 d5 2. c4 c6 3. Nc3 Nf6 4. e3 a6 5. c5 Bf5 6. Bd3 e6 7. f4 Nbd7 8. Nf3 Be7 9. 0-0 0-0 10. b4 Ne8 11. a4 Bxd3 12. Qxd3 f5 13. Ra2 h6 14. Ne5 Nxe5 15. fxe5 Nc7 16. Bd2 Qe8 17. Rfa1 Qh5 18. Qe2 Qxe2 19. Nxe2 g5 20. Nc3 Kf7 21. Kf2 Rfb8 22. Rb1 Ke8 23. Ke2 Kd7 24. Kd3 b6 25. cxb6 Rxb6 26. a5 Rb7 27. Na4 Rab8 28. Nb6+ Rxb6 29. axb6 Rxb6 30. Ra4 h5 31. Be1 Rb8 32. Rc1 Rb5 33. Kc2 Rb6 34. Kb3 Rb8 35. Ra2 Rb6 36. Ka4 Rb5 37. Rac2 Rb6 38. Rf2 Rb5 39. Rfc2 Rb6 40. h3 Na8 41. Kb3 Nc7 42. Ra1 Rb8 43. Ra4 Rb6 44. Ra5 Rb8 45. Rb2 Rb6 46. Kc3 Nb5+ 47. Kd3 Ke8 48. Raa2 Kd7 49. Ra1 Kc8 50. g4 fxg4 51. hxg4 h4 52. Rf2 Kd7 53. Rf7 Nc7 54. Bd2 Rb8 55. Rh7 Re8 56. Rc1 Nb5 57. e4 dxe4+ 58. Kxe4 Rg8 59. Rf1 Ke8 60. Rff7 Bd8 61. Kd3 h3 62. Rb7 h2 63. Rxh2 Nc7 64. Rh7 Nd5 65. Ra7 Rf8 66. Ra8 Nb6 67. Rxa6 1-0

[Event "SVK-chT 0607"]
[Site "Slovakia"]
[Date "2006.10.21"]
[Round "1"]
[White "Hera, Imre Jr"]
[Black "Virostko, Petr"]
[Result "1/2-1/2"]
[WhiteElo "2510"]
[BlackElo "2366"]
[PlyCount "122"]
[EventDate "2006.10.21"]
[EventType "team-tourn"]
[EventRounds "11"]
[EventCountry "SVK"]
[SourceTitle "EXT 2019"]
[Source "ChessBase"]
[SourceDate "2018.10.10"]
[SourceVersion "1"]
[SourceVersionDate "2018.10.10"]
[SourceQuality "1"]
[WhiteTeam "Komarno"]
[BlackTeam "Modra"]
[WhiteTeamCountry "SVK"]
[BlackTeamCountry "SVK"]

1. d4 d5 2. c4 c6 3. Nc3 Nf6 4. cxd5 cxd5 5. Bf4 Nc6 6. e3 e6 7. Bd3 Be7 8. h3 a6 9. Nf3 Bd7 10. a3 0-0 11. 0-0 Nh5 12. Bh2 f5 13. Na4 Nf6 14. Rc1 Ne4 15. b4 Be8 16. Bxe4 fxe4 17. Nd2 Bd6 18. Qg4 Nxd4 19. Nc5 Bxc5 20. Rxc5 h5 21. Qd1 Nf5 22. Qa1 Bc6 23. Qe5 Qf6 24. Nb3 Qf7 25. Bf4 Qg6 26. Rfc1 Nh4 27. Qg5 Qxg5 28. Bxg5 Ng6 29. Nd4 Bd7 30. Rc7 Rac8 31. Nb3 Bc6 32. Rxc8 Rxc8 33. a4 Bd7 34. Rxc8+ Bxc8 35. Bd8 Ne5 36. Bc7 Nd3 37. Bd6 Kf7 38. Nc5 Nb2 39. a5 Nc4 40. Bc7 e5 41. Na4 d4 42. Nb6 Nxb6 43. Bxb6 d3 44. Kf1 g5 45. Bd8 Bxh3 46. gxh3 Kg6 47. Ke1 h4 48. Kd2 g4 49. Bxh4 gxh3 50. Bg3 Kf5 51. f3 exf3 52. Kxd3 e4+ 53. Kd2 Ke6 54. Ke1 Kd5 55. Kf2 Kc4 56. Bd6 Kd5 57. Bf4 Kc4 58. Bd6 Kc3 59. Kg1 Kd2 60. Kf2 Kd3 61. Bf4 Kc4 1/2-1/2

[Event "SVK-chT 0506"]
[Site "Slovakia"]
[Date "2005.11.13"]
[Round "4"]
[White "Virostko, Petr"]
[Black "Tibensky, Robert"]
[Result "1/2-1/2"]
[WhiteElo "2373"]
[BlackElo "2432"]
[PlyCount "101"]
[EventDate "2005.10.08"]
[EventType "team-tourn"]
[EventRounds "11"]
[EventCountry "SVK"]
[SourceTitle "EXT 2019"]
[Source "ChessBase"]
[SourceDate "2018.10.10"]
[SourceVersion "1"]
[SourceVersionDate "2018.10.10"]
[SourceQuality "1"]
[WhiteTeam "Modra"]
[BlackTeam "Liptov"]
[WhiteTeamCountry "SVK"]
[BlackTeamCountry "SVK"]

1. e4 c5 2. Nf3 g6 3. d4 cxd4 4. Nxd4 Nc6 5. Nb3 Nf6 6. Nc3 Bg7 7. Be2 0-0 8. 0-0 d6 9. Re1 a5 10. a4 Nb4 11. Bf1 Bd7 12. Nd5 Nfxd5 13. exd5 Bf5 14. Re2 e6 15. dxe6 fxe6 16. c3 Nc6 17. Be3 Qc7 18. Re1 Kh8 19. g4 Be4 20. Nd2 d5 21. Nxe4 dxe4 22. Bg2 Ne5 23. Bxe4 Nc4 24. Bd4 Rad8 25. Qb3 Bxd4 26. cxd4 Rxf2 27. Qh3 Rxb2 28. Bxg6 Qg7 29. Rxe6 Rb3 30. Qxb3 Qxd4+ 31. Kg2 Qxg4+ 32. Kh1 Qxe6 33. Qc3+ Qe5 34. Qxe5+ Nxe5 35. Be4 b6 36. Re1 Rd4 37. Bc2 Nf3 38. Re8+ Kg7 39. Re7+ Kf6 40. Re3 Ne5 41. Kg1 h6 42. Kf1 Rd2 43. Re2 Rxe2 44. Kxe2 Nd7 45. Kf3 Ke5 46. Bd3 Nf6 47. Bb5 Nd5 48. Kg4 Nf6+ 49. Kf3 Kf5 50. Bd3+ Ke5 51. Bb5 1/2-1/2

[Event "CZE-chT 0506"]
[Site "Czech Republic"]
[Date "2005.11.05"]
[Round "3"]
[White "Virostko, Petr"]
[Black "Vechet, Stanislav"]
[Result "0-1"]
[WhiteElo "2373"]
[BlackElo "2262"]
[PlyCount "74"]
[EventDate "2005.10.15"]
[EventType "team-tourn"]
[EventRounds "11"]
[EventCountry "CZE"]
[SourceTitle "EXT 2019"]
[Source "ChessBase"]
[SourceDate "2018.10.10"]
[SourceVersion "1"]
[SourceVersionDate "2018.10.10"]
[SourceQuality "1"]
[WhiteTeam "Zlin"]
[BlackTeam "Brno Lokomotiva II"]
[WhiteTeamCountry "CZE"]
[BlackTeamCountry "CZE"]

1. e4 e5 2. Nf3 Nc6 3. Bb5 a6 4. Ba4 Nf6 5. 0-0 Be7 6. Qe2 b5 7. Bb3 d6 8. c3 0-0 9. d4 Bg4 10. Rd1 Qe8 11. a3 Na5 12. Bc2 Nd7 13. Nbd2 Bg5 14. b3 f6 15. h3 Bh5 16. Bb2 Bxd2 17. Rxd2 Qf7 18. d5 Nb6 19. g4 Bg6 20. Rdd1 Qd7 21. Nd2 Nxd5 22. b4 Nf4 23. Qf1 Nb7 24. Bb3+ Bf7 25. c4 h5 26. f3 Nd8 27. Kh2 Kh7 28. a4 bxc4 29. Bxc4 hxg4 30. fxg4 Rh8 31. Ra3 Bxc4 32. Nxc4 Qc6 33. Nd2 Nde6 34. h4 Kg8 35. Kg3 Qc2 36. Ba1 Kf7 37. Qf3 Rxh4 0-1

[Event "SVK-chT 0506"]
[Site "Slovakia"]
[Date "2005.10.09"]
[Round "2"]
[White "Virostko, Petr"]
[Black "Rachela, Milan"]
[Result "1-0"]
[WhiteElo "2373"]
[BlackElo "2327"]
[PlyCount "109"]
[EventDate "2005.10.08"]
[EventType "team-tourn"]
[EventRounds "11"]
[EventCountry "SVK"]
[SourceTitle "EXT 2019"]
[Source "ChessBase"]
[SourceDate "2018.10.10"]
[SourceVersion "1"]
[SourceVersionDate "2018.10.10"]
[SourceQuality "1"]
[WhiteTeam "Modra"]
[BlackTeam "Nitra"]
[WhiteTeamCountry "SVK"]
[BlackTeamCountry "SVK"]

1. e4 b6 2. d4 Bb7 3. Nd2 e6 4. Ngf3 d6 5. Bd3 Nd7 6. 0-0 g6 7. Re1 Bg7 8. Nf1 h6 9. Bd2 Ne7 10. c4 0-0 11. Qe2 c5 12. Bc3 e5 13. d5 Nf6 14. Ng3 Bc8 15. Nd2 a6 16. Rf1 Ra7 17. a3 Nh7 18. Bc2 Qe8 19. b4 f5 20. f3 f4 21. Nh1 g5 22. a4 Ng6 23. a5 bxa5 24. bxc5 dxc5 25. Bxa5 Rb7 26. Nb3 g4 27. Nxc5 Rb2 28. Nd3 gxf3 29. Rxf3 Rxc2 30. Qxc2 Ng5 31. Ne1 Nh4 32. Nf2 Qg6 33. Raa3 Ngxf3+ 34. Rxf3 Kh7 35. Qe2 Rg8 36. Rc3 Bf8 37. Qf1 Bc5 38. Kh1 Bd7 39. Rb3 Rg7 40. Bd8 Qh5 41. Bxh4 Qxh4 42. Nfd3 Bd4 43. Nf3 Qg4 44. Ndxe5 Bxe5 45. Nxe5 Qg5 46. Nxd7 Rxd7 47. Rf3 Rg7 48. Rxf4 Qe5 49. h3 a5 50. Rf3 a4 51. Ra3 Ra7 52. Qf5+ Qxf5 53. exf5 Kg7 54. d6 Kf6 55. Rd3 1-0

[Event "Prague op-A 04th"]
[Site "Prague"]
[Date "2005.01.21"]
[Round "9"]
[White "Orlov, Andrey"]
[Black "Virostko, Petr"]
[Result "1-0"]
[WhiteElo "2403"]
[BlackElo "2319"]
[PlyCount "108"]
[EventDate "2005.01.14"]
[EventType "swiss"]
[EventRounds "9"]
[EventCountry "CZE"]
[SourceTitle "CBM 104 Extra"]
[Source "ChessBase"]
[SourceDate "2005.03.01"]
[SourceVersion "1"]
[SourceVersionDate "2005.03.01"]
[SourceQuality "1"]

1. e4 e5 2. Nf3 Nc6 3. Nc3 Nf6 4. d3 Bb4 5. Bd2 0-0 6. g3 d5 7. exd5 Nxd5 8. Bg2 Bg4 9. h3 Bh5 10. 0-0 Nb6 11. a3 Be7 12. Re1 f6 13. Qc1 Bf7 14. b4 Re8 15. Rb1 a5 16. b5 Nd4 17. Nxd4 exd4 18. Ne2 Ra7 19. Nf4 Bc5 20. h4 Re7 21. Ra1 a4 22. Qb2 Rxe1+ 23. Bxe1 Qd6 24. Ne2 Qe5 25. Kf1 Bd5 26. Bxd5+ Nxd5 27. Bb4 Bxb4 28. axb4 Nc3 29. Nxc3 dxc3 30. Qa2+ Kf8 31. Qc4 a3 32. d4 Qf5 33. Kg1 b6 34. Qxc3 Qxb5 35. Rxa3 Rxa3 36. Qxa3 Qc4 37. c3 Kf7 38. Qc1 h5 39. Qe3 Kg6 40. Kg2 Kf7 41. Qf3 Kf8 42. Kh2 c6 43. Kg2 Kg8 44. Qxh5 Qd3 45. d5 Qb5 46. Qe8+ Kh7 47. dxc6 Qc4 48. Qd7 Qe4+ 49. Kh2 Qc2 50. Kg1 Qb1+ 51. Kg2 Qe4+ 52. Kf1 Qb1+ 53. Ke2 Qe4+ 54. Kd2 Qf3 1-0

[Event "Prague op-A 04th"]
[Site "Prague"]
[Date "2005.01.19"]
[Round "7"]
[White "Kovar, Vojtech"]
[Black "Virostko, Petr"]
[Result "0-1"]
[WhiteElo "2199"]
[BlackElo "2319"]
[PlyCount "56"]
[EventDate "2005.01.14"]
[EventType "swiss"]
[EventRounds "9"]
[EventCountry "CZE"]
[SourceTitle "CBM 104 Extra"]
[Source "ChessBase"]
[SourceDate "2005.03.01"]
[SourceVersion "1"]
[SourceVersionDate "2005.03.01"]
[SourceQuality "1"]

1. Nf3 Nf6 2. d4 c5 3. g3 d5 4. Bg2 Nc6 5. 0-0 e6 6. c4 Be7 7. cxd5 Nxd5 8. e4 Nf6 9. e5 Nd5 10. dxc5 Bxc5 11. Nbd2 0-0 12. Ne4 Be7 13. Bg5 Nxe5 14. Nxe5 Bxg5 15. Nxg5 Qxg5 16. f4 Qe7 17. Qd4 Rd8 18. Rad1 Bd7 19. Rfe1 Be8 20. f5 Nf6 21. Qf2 Rxd1 22. Rxd1 exf5 23. Qxf5 Rd8 24. Rxd8 Qxd8 25. Qf2 Qd1+ 26. Bf1 Bb5 27. Kg2 Qd5+ 28. Nf3 Ng4 0-1

[Event "Prague op-A 04th"]
[Site "Prague"]
[Date "2005.01.18"]
[Round "6"]
[White "Virostko, Petr"]
[Black "Zakhartsov, Viacheslav V"]
[Result "1/2-1/2"]
[WhiteElo "2319"]
[BlackElo "2529"]
[PlyCount "99"]
[EventDate "2005.01.14"]
[EventType "swiss"]
[EventRounds "9"]
[EventCountry "CZE"]
[SourceTitle "CBM 104 Extra"]
[Source "ChessBase"]
[SourceDate "2005.03.01"]
[SourceVersion "1"]
[SourceVersionDate "2005.03.01"]
[SourceQuality "1"]

1. e4 c5 2. Nf3 e6 3. d4 cxd4 4. Nxd4 Nc6 5. Nb5 d6 6. c4 Nf6 7. N1c3 a6 8. Na3 b6 9. Be3 Bb7 10. Be2 Be7 11. 0-0 Ne5 12. f3 0-0 13. Qd2 Rc8 14. Rfd1 Qc7 15. Rac1 Rfe8 16. Kh1 Ned7 17. Bf1 Qb8 18. Qf2 Bd8 19. b4 Bc7 20. Qg1 d5 21. cxd5 exd5 22. Nxd5 Nxd5 23. exd5 b5 24. Ba7 Bxh2 25. Bxb8 Bxg1 26. Kxg1 Rxc1 27. Rxc1 Nxb8 28. d6 Rd8 29. Rc7 Bd5 30. Nb1 Bxa2 31. Nc3 Be6 32. Ne4 Bd5 33. Nc5 g6 34. Bd3 Kg7 35. d7 Kf6 36. Ra7 Bc6 37. Be4 Bxd7 38. Ra8 Ke7 39. Ra7 Kf6 40. Ra8 Be6 41. Nxa6 Rd1+ 42. Kf2 Nxa6 43. Rxa6 Rd2+ 44. Kg3 Ke7 45. Bc6 Bc4 46. Ra5 Bf1 47. Bxb5 Rxg2+ 48. Kh3 Rf2+ 49. Kg3 Rg2+ 50. Kh3 1/2-1/2

[Event "CZE-chT 0405"]
[Site "Czech Republic"]
[Date "2004.12.04"]
[Round "3.7"]
[White "Virostko, Petr"]
[Black "Firt, Stanislav"]
[Result "1/2-1/2"]
[WhiteElo "2290"]
[BlackElo "2356"]
[PlyCount "70"]
[EventDate "2004.11.??"]
[EventType "team"]
[EventRounds "11"]
[EventCountry "CZE"]
[SourceTitle "EXT 2006"]
[Source "ChessBase"]
[SourceDate "2005.11.24"]
[SourceVersion "1"]
[SourceVersionDate "2005.11.24"]
[SourceQuality "1"]
[WhiteTeam "Zlin"]
[BlackTeam "Ostrava Color"]
[WhiteTeamCountry "CZE"]
[BlackTeamCountry "CZE"]

1. e4 c5 2. Nf3 d6 3. Bc4 Nf6 4. Qe2 Nc6 5. h3 e6 6. Bb3 Na5 7. Ba4+ Bd7 8. Bxd7+ Qxd7 9. d3 Be7 10. 0-0 0-0 11. Nbd2 Rfe8 12. Re1 Qc7 13. b3 Nd7 14. Bb2 Bf6 15. Bxf6 Nxf6 16. Nf1 Nc6 17. Ng3 Qa5 18. Qd2 Qxd2 19. Nxd2 Nb4 20. Rec1 d5 21. a3 Nc6 22. exd5 exd5 23. Nf3 g6 24. Re1 Kg7 25. Kf1 a5 26. Rxe8 Rxe8 27. Re1 Ra8 28. c3 Nd7 29. a4 Nf8 30. Ne2 Ne6 31. d4 Rc8 32. c4 Nb4 33. cxd5 Nxd5 34. dxc5 Rxc5 35. Nfd4 Nxd4 1/2-1/2

[Event "Prague ProMoPro op"]
[Site "Prague"]
[Date "2004.09.19"]
[Round "9"]
[White "Virostko, Petr"]
[Black "Matras, Ondrej"]
[Result "1-0"]
[WhiteElo "2290"]
[BlackElo "2230"]
[PlyCount "61"]
[EventDate "2004.09.11"]
[EventType "swiss"]
[EventRounds "9"]
[EventCountry "CZE"]
[SourceTitle "CBM 102 Extra"]
[Source "ChessBase"]
[SourceDate "2004.11.03"]
[SourceVersion "1"]
[SourceVersionDate "2004.11.03"]
[SourceQuality "1"]

1. e4 e6 2. d4 d5 3. e5 c5 4. c3 Nc6 5. Nf3 Qb6 6. a3 c4 7. Be2 Na5 8. Nbd2 Bd7 9. 0-0 Nb3 10. Nxb3 Ba4 11. Nfd2 Ne7 12. Bxc4 dxc4 13. Nxc4 Qxb3 14. Nd6+ Kd7 15. Qf3 f5 16. Nxb7 Nd5 17. Na5 Qb6 18. b4 Rc8 19. c4 Qxd4 20. Ra2 Rxc4 21. Rd2 Qe4 22. Nxc4 Qxc4 23. Bb2 g6 24. Rxd5+ exd5 25. e6+ Kxe6 26. Bxh8 Bd6 27. Qe3+ Qe4 28. Qc3 Qg4 29. Qc8+ Kf7 30. Qb7+ Kf8 31. Re1 1-0

[Event "Prague ProMoPro op"]
[Site "Prague"]
[Date "2004.09.18"]
[Round "8"]
[White "Stehno, Pavel"]
[Black "Virostko, Petr"]
[Result "0-1"]
[WhiteElo "2344"]
[BlackElo "2290"]
[PlyCount "66"]
[EventDate "2004.09.11"]
[EventType "swiss"]
[EventRounds "9"]
[EventCountry "CZE"]
[SourceTitle "CBM 102 Extra"]
[Source "ChessBase"]
[SourceDate "2004.11.03"]
[SourceVersion "1"]
[SourceVersionDate "2004.11.03"]
[SourceQuality "1"]

1. e4 c5 2. Nf3 d6 3. d4 cxd4 4. Nxd4 Nf6 5. Nc3 a6 6. Be2 e5 7. Nf3 Be7 8. a4 0-0 9. Bg5 Be6 10. Bxf6 Bxf6 11. Nd2 Qc7 12. h4 Nc6 13. Nf1 Qd8 14. g3 Nd4 15. Ne3 Rc8 16. Rc1 Be7 17. Ncd5 f5 18. exf5 Bxd5 19. Nxd5 Qa5+ 20. Nc3 d5 21. 0-0 Rcd8 22. Bg4 Nxf5 23. Qe2 Bd6 24. Rcd1 Nd4 25. Qd3 Bc7 26. Ne2 Nxe2+ 27. Qxe2 Kh8 28. c4 d4 29. b3 Qb6 30. Rd3 Qg6 31. Re1 e4 32. Rdd1 e3 33. fxe3 d3 0-1

[Event "Prague ProMoPro op"]
[Site "Prague"]
[Date "2004.09.12"]
[Round "2"]
[White "Virostko, Petr"]
[Black "Svoboda, Vaclav1111"]
[Result "1-0"]
[WhiteElo "2290"]
[BlackElo "2042"]
[PlyCount "55"]
[EventDate "2004.09.11"]
[EventType "swiss"]
[EventRounds "9"]
[EventCountry "CZE"]
[SourceTitle "CBM 102 Extra"]
[Source "ChessBase"]
[SourceDate "2004.11.03"]
[SourceVersion "1"]
[SourceVersionDate "2004.11.03"]
[SourceQuality "1"]

1. e4 d5 2. exd5 Nf6 3. Bb5+ Bd7 4. Be2 Nxd5 5. d4 Bf5 6. Nf3 e6 7. 0-0 Be7 8. a3 0-0 9. c4 Nb6 10. Nc3 Bf6 11. h3 Nc6 12. Be3 Bg6 13. b4 Qd7 14. Qb3 Rfd8 15. Rad1 Qe7 16. Rfe1 a6 17. Bf1 Nd7 18. Bf4 Nf8 19. d5 Bxc3 20. Qxc3 Na7 21. c5 Rac8 22. Qe3 Ra8 23. Bc4 Nc8 24. dxe6 Rxd1 25. Rxd1 Nxe6 26. Bxe6 fxe6 27. Bg5 Qe8 28. Rd8 1-0

[Event "CZE-chT 0304"]
[Site "Czech Republic"]
[Date "2003.11.09"]
[Round "2"]
[White "Jirka, Jiri"]
[Black "Virostko, Petr"]
[Result "1-0"]
[WhiteElo "2370"]
[BlackElo "2354"]
[PlyCount "81"]
[EventDate "2003.11.08"]
[EventType "team-tourn"]
[EventRounds "11"]
[EventCountry "CZE"]
[SourceTitle "EXT 2019"]
[Source "ChessBase"]
[SourceDate "2018.10.10"]
[SourceVersion "1"]
[SourceVersionDate "2018.10.10"]
[SourceQuality "1"]
[WhiteTeam "Plzen"]
[BlackTeam "Zlin"]
[WhiteTeamCountry "CZE"]
[BlackTeamCountry "CZE"]

1. d4 Nf6 2. c4 e6 3. g3 c5 4. d5 exd5 5. cxd5 d6 6. Nc3 g6 7. Bg2 Bg7 8. Nf3 0-0 9. 0-0 a6 10. a4 Nbd7 11. Nd2 Re8 12. h3 Qc7 13. Nc4 Nb6 14. Na3 Bd7 15. a5 Nc8 16. Nc4 Bb5 17. Qb3 Bxc4 18. Qxc4 b5 19. axb6 Nxb6 20. Qh4 Ra7 21. Ra2 Re5 22. e4 Nbd7 23. g4 c4 24. g5 Nh5 25. Be3 Nc5 26. Na4 Nd3 27. Nc3 Ra8 28. Bf3 Ree8 29. Bxh5 gxh5 30. Ne2 Nxb2 31. Ng3 c3 32. Nxh5 Qc4 33. Nxg7 Kxg7 34. g6 fxg6 35. Bh6+ Kg8 36. Qf6 Ra7 37. Ra3 Qxe4 38. Qxc3 Qe5 39. Qc6 Rae7 40. Re3 Qf6 41. Qxe8+ 1-0

[Event "Pobeskydy Arcimpex 14th"]
[Site "Frydek Mistek"]
[Date "2003.04.17"]
[Round "2"]
[White "Virostko, Petr"]
[Black "Chrz, Pavel"]
[Result "1-0"]
[WhiteElo "2370"]
[BlackElo "2141"]
[PlyCount "131"]
[EventDate "2003.04.17"]
[EventType "tourn"]
[EventRounds "9"]
[EventCountry "CZE"]
[EventCategory "3"]
[SourceTitle "EXT 2006"]
[Source "ChessBase"]
[SourceDate "2005.11.24"]
[SourceVersion "1"]
[SourceVersionDate "2005.11.24"]
[SourceQuality "1"]

1. e4 e5 2. Nf3 Nf6 3. Nxe5 d6 4. Nc4 Nxe4 5. d4 d5 6. Ne3 Be7 7. Bd3 0-0 8. 0-0 c5 9. dxc5 Bxc5 10. c4 Bxe3 11. Bxe3 Nf6 12. Nd2 Nc6 13. cxd5 Qxd5 14. Bc4 Qf5 15. Nb3 Ne5 16. Nd4 Qe4 17. Bb3 Rd8 18. Bc2 Qd5 19. Qe2 Neg4 20. Rfd1 Re8 21. Ba4 Nxe3 22. fxe3 Bg4 23. Nf3 Bxf3 24. Qxf3 Qxf3 25. gxf3 Rxe3 26. Kf2 Re7 27. Rac1 Rb8 28. b4 b5 29. Bb3 Rbe8 30. Rd2 g6 31. Rc5 Re5 32. Rdc2 Kf8 33. Rxe5 Rxe5 34. Rc7 Re7 35. Rc6 Kg7 36. Rc5 Rb7 37. Rc8 h6 38. Ke3 g5 39. Kd4 g4 40. fxg4 Nxg4 41. Rc2 h5 42. h3 Nh6 43. Rc5 Kg6 44. Bc2+ f5 45. Rc6+ Kg7 46. Ke5 Re7+ 47. Re6 Nf7+ 48. Kxf5 Nh6+ 49. Ke5 Nf7+ 50. Kd5 Rd7+ 51. Kc5 Rd2 52. Rg6+ Kf8 53. Bb3 Ne5 54. Rg5 Nd7+ 55. Kxb5 Nf6 56. Ka6 Rd7 57. Rg6 Ne4 58. Rg8+ Ke7 59. Rg7+ Kd8 60. Rxd7+ Kxd7 61. Kxa7 h4 62. b5 Nc3 63. a4 Ne2 64. b6 Nd4 65. Bd5 Kd6 66. Bg2 1-0